Estatutos y reglamentos / Sociedad Astronómica de Barcelona
Descripción Física:
12 p. ; 21 cm
MARC
| LEADER | 00000nam a2200000Ia 4500 | ||
|---|---|---|---|
| 001 | 16144 | ||
| 008 | 160829s1910?] xx 000 0 cat d | ||
| 080 | |a RF-14-9 | ||
| 100 | |a Sociedad Astronómica de Barcelona |9 46948 | ||
| 245 | |a Estatutos y reglamentos / Sociedad Astronómica de Barcelona | ||
| 260 | |a [Barcelona : |b la Sociedad, |c 1910?] | ||
| 300 | |a 12 p. ; |c 21 cm | ||
| 590 | |a Prové de 2372, exp. 9 | ||
| 650 | |a Sociedad Astronómica de Barcelona |x Estatuts |9 46949 | ||
| 856 | 4 | |u https://media.diba.cat/diba/fitxers/arxiu/fulletons/bib_16144_1910_baixa.pdf |y Accés lliure | |
| 856 | 4 | |u https://media.diba.cat/diba/fitxers/arxiu/fulletons/bib_16144_1910_baixa.pdf |y Accés lliure | |
| 901 | |a Arxiu | ||
| 942 | |n 1 |2 udc | ||
| 952 | |0 0 |1 0 |4 0 |6 RF149 |7 1 |9 53556 |a Arxiu |b Arxiu |d 2016-12-01 |l 0 |o RF-14-9 |p 16144 |r 2016-12-01 00:00:00 |w 2016-12-01 |y ARXIU | ||
| 999 | |c 57422 |d 57422 | ||
| 900 | |a bib_16144_1910_baixa.pdf | ||